00277nam a2200097Ia 45000010005000000080041000050820019000461000013000652450079000782600022001574619241024s9999 xx 000 0 und d a664/N468n/2016 aNestlé 0aNestlé in society. Creating Shared value and meeting our commitment 2016 bSwitzerlandc2016